000 00637nam a2200217 a 4500
001 0001-1949
003 ELIB.Books
008 190118 2010 eng
020 _a9717171572
092 _a259.23 Bla
_bBla
100 _aBlack, Wesley.
245 _aHand Book for Youth Ministry
_bA Manual of Ideas for Pastors, Youth Leaders and Youth
260 _aMakati City
_bChuch Strengthening Ministry
_c1998
300 _a101
_c20.6 cm
650 _aChurch work with Youth
856 _nKBTS Library
_uKBTS Elib
942 _2ddc
_cBK
990 _a2
998 _aEnglishbooks.elf
_ccat
_e2019-01-18
999 _c11949
_d11949